000 01017nam a2200277Ia 4500
003 OSt
005 20221005105550.0
006 a|||||r|||| 00| 0
007 ta
008 221004b |||||||| |||| 00| 0 hin d
020 _a9788183618359 (hbk)
_cINR 300.00
024 _a34381
037 _bBR-3116, 15/09/2017, Rajkamal Prakashan Pvt. Ltd.
_cTextual
040 _aCRL
_cCRL
_bhin
041 _2hin
_ahin
082 _aO152,1N3611x, Q7
100 _aगुलज़ार, ले.
245 0 _aकोशिशः मंजरनामा
246 _aKoshishah manjaranāmā
260 _aनई दिल्ली
_bराधाकृष्ण प्रकाशन भारत
_c2017
300 _a83पृ0
_ccm.
650 _a हिन्दी साहित्य
650 _aहिन्दी कविता
942 _hO152,1N3611x, Q7
_cTEXL
_2cc
999 _c1016186
_d1016186